Mráz /
Kriminální thriller, odehrávající se v mrazivé atmosféře francouzských Pyrenejí, je dovedně namíchaným koktejlem, jehož hlavním motivem je krutá odplata za dávné zločiny.
Uloženo v:
| Série: | Martin Servaz,
část 1 |
|---|---|
| Hlavní autor: | |
| Další autoři: | |
| Médium: | E-kniha |
| Jazyk: | Czech |
| Vydáno: |
Praha :
XYZ,
2024
|
| Vydání: | Druhé vydání |
| Témata: | |
| Příbuzné jednotky: | Z cyklu::
Martin Servaz |
| Tagy: |
Žádné tagy |
| LEADER | 03107nam a2200481 i 4500 | ||
|---|---|---|---|
| 001 | 312565 | ||
| 003 | CZ PrSKC | ||
| 005 | 20260601215724.0 | ||
| 007 | ta | ||
| 008 | 241029s2024 xr g 000 f cze | ||
| 015 | |a cnb003640421 | ||
| 020 | |a 9788076836686 |q (vázáno) : |c Kč 499,00 | ||
| 035 | |a (OCoLC)1483792076 | ||
| 040 | |a ABG001 |b cze |e rda | ||
| 041 | 1 | |a cze |h fre | |
| 072 | 7 | |a 821.133.1-3 |x Francouzská próza, francouzsky psaná |2 Konspekt | |
| 080 | |a 821.133.1-31 |2 MRF | ||
| 080 | |a (0:82-312.4) |2 MRF | ||
| 100 | 1 | |a Minier, Bernard, |d 1960- |7 xx0192250 |4 aut | |
| 240 | 1 | 0 | |a Glacé. |l Česky |
| 245 | 1 | 0 | |a Mráz / |c Bernard Minier ; překlad Jiří Žák |
| 250 | |a Druhé vydání | ||
| 264 | 1 | |a Praha : |b XYZ, |c 2024 | |
| 300 | |a 624 stran ; |c 22 cm | ||
| 336 | |a text |b txt |2 rdacontent | ||
| 337 | |a bez média |b n |2 rdamedia | ||
| 338 | |a svazek |b nc |2 rdacarrier | ||
| 500 | |a Přeloženo z francouzštiny | ||
| 500 | |a Údaj o vydání je chybný, správně má být: Třetí vydání | ||
| 500 | |a V tiráži chybně uvedeno též vročení: 2022 | ||
| 520 | 2 | |a Kriminální thriller, odehrávající se v mrazivé atmosféře francouzských Pyrenejí, je dovedně namíchaným koktejlem, jehož hlavním motivem je krutá odplata za dávné zločiny. |b Nedaleko městečka Saint-Martin je horská elektrárna, v údolí pod ní se nachází ústav pro nejtěžší zločince s vážnými psychickými poruchami. Jednoho dne objeví pracovníci elektrárny na stožáru lanovkové dráhy pověšenou mrtvolu vzácného koně s odříznutou hlavou, který patřil průmyslníku Ériku Lombardovi. U zvířete je nalezena DNA, která patří jednomu z vězňů v léčebném institutu. Komplikovaného případu se ujímá major Martin Servaz. Po koni začnou umírat podobně krutým způsobem i lidé. Postupně je zavražděna čtveřice přátel, které spojovala horolezecká i lovecká vášeň. Servaz brzy zjistí, že právě tito muži měli společné i děsivé tajemství, kvůli němuž před několika lety dobrovolně odešlo několik mladíků a dívek z tohoto světa. Major se pomalu blíží k cíli svého pátrání, do něhož osudově zasáhne i švýcarská psycholožka Diana Bergová, která je v ústavu na roční stáži... | |
| 655 | 7 | |a francouzské romány |7 fd132289 |2 czenas | |
| 655 | 7 | |a detektivní romány |7 fd132010 |2 czenas | |
| 655 | 9 | |a French fiction |2 eczenas | |
| 655 | 9 | |a detective novels |2 eczenas | |
| 700 | 1 | |a Žák, Jiří, |d 1946-2024 |7 jk01152981 |4 trl | |
| 787 | 0 | 8 | |i Z cyklu: |t Martin Servaz |g 1 |
| 900 | |a ABA001 |b 20 | ||
| 928 | 9 | |a Albatros Media - XYZ | |
| 044 | |a xr | ||
| 910 | |a RBIT002 | ||
| 998 | |d 415603 |a https://core.palmknihy.cz/api/books/415603/cover?smxmyv |b https://core.palmknihy.cz/api/books/415603/cover/400?smxmyv |c https://core.palmknihy.cz/api/books/415603/cover/50?smxmyv |e 2030-06-20 |g 632 |i 9788076836686 |j https://core.palmknihy.cz/api/books/415603/preview.epub |k https://core.palmknihy.cz/api/books/415603/preview.pdf |l |q 49 |r 1 |s https://www.palmknihy.cz/kniha/415603 |t ebook |y 2024 |z 0 |v Martin Servaz |w 1 | ||
| 999 | |d 312563 | ||